| 000 | 01402nam0a2200349 4500 | ||
|---|---|---|---|
| 001 | RU\NLR\bibl\311821 | ||
| 005 | 20250621140559.0 | ||
| 021 |
_aRU _b2002-26347 _91309 |
||
| 035 | _a(NLR Aleph) 000306948 | ||
| 090 |
_a20646 _c20646 |
||
| 100 | _a20020923d2002 |||y0rusy50 ca | ||
| 101 | 0 | _arus | |
| 102 | _aRU | ||
| 105 | _ay ||||||||| | ||
| 200 | 1 |
_aОсновы бухгалтерского учета _eУчеб.-метод. пособие _fС. Н. Щадилова _gМоск. инженер.-физ. ин-т (гос. ун-т), Заоч. шк. МИФИ |
|
| 205 | _a6-е изд., испр. и доп. | ||
| 210 |
_aМ. _cЗТ МИФИ _d2002 |
||
| 215 |
_a575,[1] с. _d20 |
||
| 606 | 0 |
_aБухгалтерский учет _jРуководства, пособия и т.п. _yРоссийская Федерация _92073607 _3RU\NLR\auth\661248526 |
|
| 606 | 0 |
_aБухгалтерский учет _jУчебные издания _yРоссийская Федерация _92073607 _3RU\NLR\auth\661248526 |
|
| 610 | 0 | _aБухгалтерский учет | |
| 675 |
_a657.1(075.8) _v3 _zrus |
||
| 686 |
_a06.75 _2rugasnti |
||
| 686 |
_a65.052я73 _2rubbk |
||
| 686 | _aУ052.9(2)2я7 | ||
| 700 | 1 |
_aЩадилова _bС. Н. _4070 |
|
| 801 | 0 |
_aRU _bRKP _c20020923 _gPSBO |
|
| 801 | 1 |
_aRU _bRKP _c20020923 |
|
| 801 | 2 |
_aRU _bNLR _c20021009 _grcr |
|
| 942 | _cBOOK | ||
| 980 | _aNB | ||